000 00713nam a22001935i 4500
001 162070
003 ES-MaACL
005 20240513170258.0
008 990316s1899 sp af |||| | spa d
040 _aCCPB | B
_bspa
_cCCPB | B
100 1 _aPicón, Jacinto Octavio,
_d1852-1923
_991875
245 1 0 _aVida y obras de Don Diego Velazquez /
_cpor Jacinto Octavio Picon.
260 _aMadrid :
_bLibrería de Fernando Fé,
_c1899 (
_fEst. tip. de Ricardo Fé)
300 _aVII, 215 p., [16] h. de lám. ;
_c22 cm.
600 0 _aVelázquez, Diego,
_d1599-1660-
_vBiografías
_9223594
752 _aEspaña -
_dMadrid
852 _aES-MaACL
_jB-2560
_z-- Enc. pasta española
999 _c162070
_d162070